[Event "ACT"]
[Site "Amsterdam"]
[Date "2006.07.15"]
[Round "1"]
[White "Witt, Rob"]
[Black "Stellwagen, Daniël"]
[Result "0-1"]
[WhiteElo "2296"]
[BlackElo "2575"]
[Annotator "Witt"]
[PlyCount "56"]
[EventDate "2006.??.??"]

{De avond tevoren had ik de deelnemerslijst gecheckt en waarschijnlijk zou ik
wit hebben tegen Ftacnik. Ik had voor de zekerheid maar wat voorbereid. Wat ik
niet wist, was dat om de kleur geloot werd, zodat ik net zo goed zwart had
kunnen hebben. Ik was alleen doodsbenauwd dat er op het laatste moment twee
spelers bij zouden komen. In dat geval zou ik tegen Stellwagen moeten. Een
paar jaar geleden stonden wat grootmeesters en een piepjonge Stellwagen mee te
analyseren op mijn partij tegen Jonkman. Ik was toen diep onder indruk van de
snelheid waarmee hij dingen zag en berekende. Helaas, een kwartier voor
aanvang werd de indeling bekend en wat ik vreesde, was ook gebeurd: Witt
-Stellwagen. Ik had een kwartier om een plan de campagne te smeden.} 1. e4 {
Wat is dit? De verkeerde pion aangeraakt? Nee, ik speelde dit bij mijn volle
verstand. Mijn redenering was als volgt. Of hij speelt Frans of Siciliaans met
2...e6 waarna ik alsnog in mijn voorbereiding op Ftacnik terecht zou kunnen
komen. Ik wilde in ieder geval niet onvoorbereid tegen zijn KID spelen.} (1.
Nf3 Nf6 2. c4 c5 3. Nc3 e6 4. e4 Nc6 5. Be2 d5 ({Het alternatief} 5... b6 {
had ik ook bekeken.}) (5... Nd4) 6. exd5 exd5 7. d4 {Deze stelling kwam o.a.
voor in Ivanchuk-Anand in het laatste Corustoernooi, overigens met een andere
zetvolgorde.}) 1... c5 2. Nf3 e6 {Gelukkig. Tegen een Sveshnikov, Draak of
Najdorf kan ik beter meteen opgeven.} 3. c4 {Zo speelt Rublevsky ook altijd.}
Nc6 4. Nc3 {1'} Nd4 $1 {1' A tempo eeld en mij volkomen onbekend. Velen wisten
mij te vertellen dat Stellwagen dit ook tegen Smeets had gespeeld in het
recente NK. De zet is reeds in 1922 gespeeld door Aljechin, maar toch veel
minder gebruikelijk dan Pf6. Mischien is het wel de beste zet.} (4... Nf6 5.
Be2 {zou de gewenste stelling opgeleverd hebben.}) 5. d3 {4'} ({De grote
kenner van dit systeem Rublevsky slaat altijd op d4. Hoewel hij al zijn
partijen wint, bereikt hij hier nooit iets mee. Ook Smeets sloeg op d4.} 5.
Nxd4 cxd4 6. Nb1 ({Rublevski speelt altijd} 6. Ne2) 6... Qa5 7. Be2 Nf6 8. Qc2
d5 9. exd5 exd5 10. cxd5 Bd6 11. O-O O-O 12. d3 Qxd5 {Smeets-Stellwagen,
Hilversum NED 2006 (43.1/2-1/2) Met groot voordeel voor zwart.}) ({De nieuwe
superster Aronian speelde} 5. Be2 Ne7 6. Nxd4 cxd4 7. Nb1 Nc6 8. d3 d5 9. exd5
exd5 10. cxd5 Qxd5 11. O-O Be6 12. Nd2 Be7 13. f4 O-O 14. Bf3 Qd7 $15 {had hij
minder dan niks bereikt. Aronian-Solak, Dos Hermanas 2004 (46.1-0).}) 5... Ne7
{4'} 6. Be3 {6' Misschien is dit al minder.} Nec6 {6'} 7. g3 {11'} (7. Be2)
7... Be7 {12'} 8. Bg2 O-O {Ik zat hier te kijken of ik veilig kon rokeren als
zwart een wachtzet had gedaan om vervolgens met g5 en h5 ten aanval te trekken.
Maar Stellwagen speelt gewoon gezonde zetten,} 9. O-O (9. Nd2 {slaat nergens
op. Kons-Aljechin, Bern 1922 (29.0-1)}) 9... d6 10. Ne2 {20' Relatief het
beste, al blijft het iets beter voor zwart. Een plan met a3, Tb1 en b4 heeft
geen zin.} (10. a3 f5 11. Rb1 Bf6 $17) 10... Nxf3+ {30'} 11. Bxf3 Bf6 12. Rb1
$2 {26' Overziet een kleinigheid.} ({Noodzakelijk was} 12. Qd2 {waarna zwart
een interessant plan heeft} Qb6 ({Ik vond tijdens de partij} 12... Nd4 {
vervelend omdat ik die nooit kan slaan. Maar na} 13. Bg2 {gevolgd door f4 is
de stelling onduidelijk.}) 13. Rab1 Qa6 14. b3 ({Na} 14. a3 {wint het zwarte
plan met b5 aan kracht.}) 14... b5 15. Bg2 Bb7 $15) 12... Rb8 $2 {37' Ook
Stellwagen mist bovengenoemde kleinigheid.} (12... Bxb2 $1 13. Rxb2 Qf6 14. e5
Qxf3 15. exd6 b6 $17 {Of zou hij het wel gezien hebben en gedacht dat wit
compensatie heeft? Ik kan me dat nauwelijks voorstellen.}) 13. Bg2 {28'
Tijdens en kort na de partij dacht ik dat dit een fout was omdat zwart met
zijn volgende zet a3 afdwingt. Ik wil b5 altijd kunnen opvangen met b3. Het is
echter toch de beste zet.} (13. b3 Qa5 14. Qd2 {faalt op} Qxd2 15. Bxd2 Ne5 $17
) 13... Qa5 {49'} 14. a3 $6 {41'} ({Ik keek in eerste instantie naar} 14. f4 {
maar dacht dat het geen zin had wegens} Bd7 {waarna ik alsnog a3 moet spelen.
Toch had ik zo moeten spelen.} ({De pointe was} 14... Qxa2 $2 15. e5 $1 dxe5
16. Ra1 Qxb2 17. Rb1 Qa3 18. Bxc6 exf4 19. Nxf4 $16) 15. a3 ({Een andere
mogelijkheid is} 15. d4 cxd4 16. Nxd4 Bxd4 17. Bxd4 Qxa2 {en wit heeft goede
compensatie voor zijn pion.}) 15... b5 {maar nu beschik ik over} 16. e5 (16. b4
$5) 16... dxe5 (16... Be7 17. b4 $14) 17. Bxc5 Be7 (17... Rfd8 18. Bd6 $13) 18.
Bxe7 Nxe7 19. fxe5 $13) 14... b5 15. cxb5 $6 {51'} ({Ik verwierp} 15. b4 $1 {
wegens} Qxa3 {maar miste de belangrijke tussenzet} (15... cxb4 16. axb4 Nxb4
17. c5 $1 Be7 18. cxd6 Bxd6 19. e5 $5 (19. Ra1 Qc7 20. Rxa7) 19... Be7 20. Ra1
$13 {gevolgd door slaan op a7.}) 16. Rb3 $1 (16. bxc5 bxc4 $15) 16... Qa6 17.
bxc5 bxc4 18. Rxb8 Nxb8 19. dxc4 dxc5 20. Bxc5 Rd8 21. Qb3 $13) 15... Qxb5 {52'
} 16. d4 {55'} Ba6 {57'} 17. Re1 Rfd8 {1.03' Ik dacht dat ik hier slecht stond
en zag eigenlijk geen bevredigende voortzetting.} 18. Bf1 $2 {1.07' Dit vond
Stellwagen terecht een rare zet. Volgens hem had ik moeten spelen} (18. d5 exd5
19. exd5 Ne5 20. Nc3 {Al staat z wart beter. Eerlijk gezegd leek me dit
hopeloos tijdens de partij. Als je het vergelijkt met een Wolgastelling dan is
het ontbreken van de e-pionnen in zwarts voordeel en bovendien heeft zwart de
a-pion niet geofferd.}) ({Er was echter een andere voortzetting die we beiden
niet gezien hebben.} 18. b4 $1 {en ik zie niet zo gauw hoe zwart in het
voordeel komt. Er lijkt niets mis met de witte stelling. Bijv.} cxb4 19. d5 $1
Ne5 20. Rxb4) 18... Qb6 {1.17'} 19. dxc5 $2 {Moe geworden omdat ik het gevoel
had al vanaf zet 4 te zitten keepen, deze verschrikkelijke zet.} ({Ik had nog
verder kunnen spelen met} 19. d5 exd5 20. Nf4 $1 ({Ik zag alleen} 20. exd5 Ne5
21. Nc3 Bxf1 22. Rxf1 Nc4 $17 {omdat ik dit zag, koos ik gedachtenloos voor 19.
dxc5? zonder er serieus over na te denken.}) 20... Ne7 (20... d4 $2 21. Nd5 Qb7
22. Nxf6+ gxf6 23. Bh6 $16) 21. Nxd5 Nxd5 22. Qxd5 $15 {En wit doet nog mee.})
19... dxc5 $19 20. Qc1 {Over 49'} Bd3 {Over 35'} ({Het eenvoudigst. Ook
winnend was} 20... Ne5 21. Bxc5 Nf3+ 22. Kh1 Qb7) 21. Bxc5 Qb3 22. Nf4 {
41' Opgeven had ook gekund.} Bxb1 23. Qxb1 Bc3 {28'} 24. Rc1 {38'} Bxb2 25. Bc4
Qa4 (25... Qf3 26. Be2 Bxc1 27. Qxb8 Qxe4) 26. Qc2 Qxc2 27. Rxc2 Nd4 28. Bxd4
Rxd4 {en ik feliciteerde mijn tegenstander. Deze partij was eigenlijk al een
aanwijzing dat het niet goed zat met mijn vorm. Ik had weinig gezien en het
rekenen lukte ook totaal niet. Ik merkte ook dat ik door de hitte na een
uurtje eigenlijk geen energie meer had. Nu is op zich een nul in de
openingsronde tegen Stellwagen geen ramp, maar ik was gewend in de eerste
ronde remise te spelen tegen een grootmeester en dan nog één of twee
grootmeesters en een meester te krijgen en een plusscore tegen spelers van
mijn niveau. Ik kon hier nog niet bevroeden dat ik in het verdere toernooi
geen titelhouder meer zou krijgen. In tegendeel, de kelder van de A-groep zou
mijn vreselijke lot wezen.} 0-1

[Event "ACT Amsterdam"]
[Site "Amsterdam NED"]
[Date "2006.07.16"]
[Round "2"]
[White "Cornelisse, John"]
[Black "Witt, Rob"]
[Result "1/2-1/2"]
[WhiteElo "2216"]
[BlackElo "2296"]
[PlyCount "76"]
[EventDate "2006.07.15"]

{Ik kende mijn tegenstander niet en had in de voorbereiding gezien dat hij
voornamelijk 1.d4 opende. Toen ik hem zag, herkende ik hem van Bussum. Ik was
toen betrokken bij de analyse van zijn partij tegen John Markus. Het was mij
toen opgevalllen dat het een goede speler was. Markus speelde toen tegen 1.d4
de Tarrasch. Ik had besloten de Chameleon (Slavisch met a6) te spelen.} 1. e4 {
Hee, wat is dit? Speciale voorbereiding? Mijn partijen in Bussum bekeken?} e6
2. d4 d5 3. e5 c5 4. c3 Nc6 5. Nf3 Qb6 6. a3 Nh6 7. b4 cxd4 8. cxd4 Nf5 9. Bb2
Be7 {Zo, ik heb mijn geliefde stelling uit de Franse doorschuifvariant. Nu nog
10.h4 en ik ben helemaal dik tevreden.} 10. Bd3 $1 {9' Jammer, dit is m.i. de
beste zet. Hij zal ongetwijfeld mijn partij tegen Afek bekeken hebben, maar
had ik me in de opening vergist. Dat zou me geen tweede keer gebeuren.} a5 {4'}
11. Bxf5 {13' De meest gespeelde zet.} ({Maar} 11. Qa4 $5 {is volgens mij de
beste.}) 11... exf5 12. Nc3 Be6 13. b5 a4 14. O-O {17'} Na5 {6'} ({Met deze
stelling heb ik goede ervaringen gehad tegen o.a. Micha Leuw, Daan Zult,
Tigran en Gertjan. Des te onbegrijpelijker dat ik me hier in Bussum tegen Afek
vergiste en} 14... O-O $6 {speelde.}) 15. Qxa4 O-O 16. Rfb1 {19'} Rfc8 {9'} 17.
Qd1 {38' Deze stelling had Gertjan tegen Ligterink en tegen mij, maar met
inlassing van de pionzetten h4 en h5. Dat is in het voordeel van wit omdat de
witte paarden dan mooie velden hebben op f4 en g5, zoals Gertjan in beide
partijen fraai wist aan te tonen.} Nc4 18. Qb3 {44' Tot en met 15.Dxa4 had wit
nog een beetje kunnen camoufleren dat hij deze variant had voorbereid. Des te
vreemder dat hij daarna toch veel tijd verbruikt terwijl ik voor de hand
liggende zetten heb gedaan. De verklaring is, dat hij bij zijn voorbereiding
ook andere varianten van mij moest betrekken, zoals 9....Ld7 i.p. v. 9...Le7
en vooral 5....Ld7 i.p.v. 5...Db6. Hij was wel tevreden met de stelling na 16.
Tfb1 en had er niet verder op gestudeerd.} (18. Qd3 {lijkt me beter.}) 18...
Na5 $2 {25' Ik zat hier een beetje te balen. Kennelijk heeft wit hier
herhaling van zetten tenzij ik met 18...Da5 een wat dubieus pionoffer breng.
Na ruim een kwartier besloot ik eerst de zetten 1x te herhalen en dan opnieuw
na te denken.} 19. Qd1 {1.07' Tijdens zijn lange denkpauses had ik
voornamelijk in de zaal rondgelopen en had boven in de bar wat te drinken
gehaald. Dat laaste is dodelijk. Boven in de bar was het nog heter en je kwam
bijna uitgeput weer beneden in de speelzaal.} ({Het was overigens in het
geheel niet tot me doorgedrongen dat wit beschikt over} 19. Nxd5 $1) 19... Nc4
{27'} 20. Qb3 {Kenelijk is wit tevreden met remise door zetherhaling. Pas nu
drong het tot me door ik helemaal geen zetherhaling had wegens Pxd5.} Qa5 {39'}
(20... Na5 $2 21. Nxd5 {Mijn tegenstander had er wel lang naar gekeken, maar
vertrouwde het niet na} Qd8 (21... Bxd5 22. Qxd5 Rd8 23. Qa2 Qxb5 24. Bc3 (24.
e6 $5) 24... Qd7 25. a4 $16 {Zwart heeft niet voldoende compensatie voor de
pion.}) (21... Nxb3 {leek me helemaal niks na bijv.} 22. Nxb6 Rd8 23. Nxa8 Rxa8
24. a4 {maar misschien valt dit mee na} Nxa1 25. Rxa1 Bb4 26. h4 Bb3 {Zwart
staat op het moment twee pionnen achter, maar heeft toch meer compensatie dan
ik gedacht had.}) 22. Nxe7+ Qxe7 23. Qb4 Qd7 {en misschien heeft zwart
voldoende compensatie voor zijn 2 pionnen door de behersing van de witte
velden.}) ({Pas thuis zag ik de zet die ik absoluut had moeten spelen.} 20...
g5 $1 {Deze sterke zet is mogelijk omdat de pionzetten h4 en h5 niet ingelast
zijn. Er dreigt g5-g4 gevolgd door Pd2 met kwaliteitswinst of pionwinst met
Dxd4.} 21. Rd1 (21. Na4 Qa7 22. Nc5 g4 $15) 21... f4 {en ik heb liever zwart.
Iets voor een volgende keer.}) 21. Ne2 {1.14'} (21. Nd1 Qa4 22. Bc1 Bxa3 $4 23.
Qd3 {1-0 Buchal - Weber, Germany 1993}) 21... Qa4 $1 {42' De stelling is
onduidelijk. Zwart heeft in ieder geval compensatie voor zijn pion.} 22. Bc1 b6
{Het was moeilijk te beoordelen of zwart wel of niet de dames moet ruilen.
Misschien was ruil toch beter geweest.} (22... Qxb3 23. Rxb3 h6 24. h4 Nb6 25.
Nf4 Ra4 $13) 23. Qd3 {1.23'} h6 {46'} 24. h4 Rc7 $6 {49'} ({Achteraf geef ik
de voorkeur aan de manoeuvre} 24... Qa7 25. a4 Qd7 $13 {Het was in het geheel
nog niet tot me doorgedrongen dat pion f5 gevaar liep.}) 25. Ng3 $1 {Totaal
gemist, waarschijnlijk omdat mijn hersens inmiddels veranderd waren in een
broeierige prop watten en in dit soort stellingen het paard meestal naar f4
gaat.} Ra5 {Wit nog 29'; zwart nog 59'.} 26. Nxf5 Rxb5 ({Nog even gekeken naar
het alternatief} 26... Bf8 {maar lastig leek me dan} 27. Bd2 $5 Rxb5 28. Bb4 {
en ik was bang dat mijn toren op b5 ingesloten zou raken. Fritz komt echter
met het verrassende} Nb2 $1 {en er lijkt niet veel aan de hand na} 29. Qf1 (29.
Rxb2 Rxb4 30. Rxb4 Bxb4 $14) 29... Bxf5 30. Rxb2 Be7 31. Raa2 Bd8 $14) 27.
Nxe7+ {19'} Rxe7 28. Rxb5 Qxb5 29. Nd2 Qa4 {54'} 30. Qb3 {17'} Qc6 {51'} (30...
Qxb3) 31. Qb4 {14'} Re8 {48'} (31... Ra7) 32. Nb3 $6 {13'} (32. a4 $14) 32...
Bf5 {46' Ik zag dat mijn tegenstander hier een beetje schrok van de
plotselinge mogelijkheid dat ik op de koningsvleugel aktief kon worden met Dg6
en Le4.} 33. Qc3 $2 {8'} (33. Nd2) 33... Ra8 $2 {43' Een van de vele
belachelijke en onverklaarbare momenten in dit toernooi. Ik zag meteen de
wending} (33... Nxe5 $1 {maar dacht dat dit faalde op} 34. Qe3 {met
stukverlies omdat mijn paard gepend staat??? De toren staat dus gewoon gedekt
door de dame. Het is echt ongelofelijk dat ik dat niet zie. Maar goed, dat is
de verklaring voor mijn zet. De "ongedekte" toren moest eerst weg.}) 34. Nd2 $2
{7' Wit heeft niks in de gaten. Na andere zetten blijft de stelling
onduidelijk al staat zwart in ieder geval niet minder meer.} Nxe5 35. Qxc6 {
Met remiseaanbod, wat ik na en tijdje nadenken aannam. Arne vroeg me na afloop
of ik niet door had kunnen spelen. Ik had echter geen energie meer en de
stelling leek me ook potremise. Dat laatste is echter toch niet waar. Ik had
wat kunnen proberen na bijv.} Nxc6 36. Bb2 Ra4 37. Nf3 f6 38. Rc1 Bd7 {gevolg
door g5. Dit was dus de tweede teleurstelling maar nog niet rampzalig. Ik had
echter weer een hoop niet gezien en de ellende zou nu pas goed beginnen.}
1/2-1/2

[Event "ACT Amsterdam"]
[Site "?"]
[Date "2006.07.17"]
[Round "3"]
[White "Witt, Rob"]
[Black "Eggleston, David"]
[Result "0-1"]
[WhiteElo "2296"]
[BlackElo "2232"]
[Annotator "Witt"]
[PlyCount "68"]
[EventDate "2006.??.??"]

{Een jonge Engelsman in de 3e ronde. Ik had gezien dat hij zowel Damegambiet 
(Laskervariant) als Oud-Hollands speelde. Ik had mijn voorberiding gebaseerd
op de partij Sokolov-Williams van vorig jaar in het ACT. Williams is de
specialist van het Oud-Holands en Sokolov had hem met een ongebruikelijke
opstelling verslagen, al was dat m.i. achteraf niet helemaal overtuigend.
Kennelijk vond Sokolov dat begin dit jaar ook in Reykjavik. want toen speelde
hij de hoofdvariant tegen Williams, maar werd toen vernietigd.} 1. d4 e6 2. c4
f5 3. g3 Nf6 4. Bg2 Be7 (4... Bb4+) 5. Nh3 {4'} d6 {10'} (5... O-O 6. O-O d6 7.
b3 e5 8. Bb2 Ng4 9. Qd2 Bf6 10. Nc3 Qe8 11. Nb5 Na6 12. f3 Nh6 13. Nf2 Nf7 14.
f4 e4 15. e3 c6 16. Nc3 Nc7 17. d5 c5 18. g4 fxg4 19. Nfxe4 Bh4 20. Ng3 Nh6 21.
e4 a6 22. e5 Bxg3 23. hxg3 Nf5 24. Ne4 Qg6 25. Rae1 Ne8 26. Qc3 b6 27. a4 a5
28. e6 Ra7 29. Qd3 Re7 30. Nf2 h5 31. Be4 h4 32. gxh4 g3 33. Nh3 Qg4 34. Bxf5
Rxf5 35. Kg2 {1-0 Sokolov - Williams, ACT Amsterdam 2005}) 6. b3 {7'} O-O 7.
Bb2 {11'} Qe8 {18'} 8. O-O {14'} Nbd7 {20'} 9. Nf4 {16'} Bd8 {23'} 10. d5 $5 {
23'} (10. Ba3) 10... e5 {34'} (10... exd5 11. cxd5 {leek me prettig voor wit.})
11. Ne6 Rf7 12. Nc3 {30'} Nf8 {37'} 13. Nxd8 {37'} Qxd8 {Een lastig moment. Ik
wil de pion op e5 weg hebben, zodat Lb2 een mooie diagonaal krijgt. Moet ik
hier direkt f4 spelen, zodat de loper op c8 ingesloten blijft? Als zwart op f4
slaat wil ik het liefst met mijn e-pion terugslaan. Dat zou betekenen dat ik
moet beginnen met e3. Dat heeft het nadeel dat zwart f5-f4 kan spelen om Lc8
te aktiveren. Desondanks leek me dit toch het kansrijkst.} 14. e3 {39'} f4 $5 {
46' Merkwaard ig dat deze logische zet helemaal niet voorkomt in het rijtje
van Fritz.} 15. exf4 exf4 16. Qd4 {43'} ({Een ander en misschien beter plan is
om een paard naar d4 te brengen, bijv.} 16. Ne2 $5 Ng6 17. Nd4 Bg4 18. f3 (18.
Bf3 $5) 18... Bd7 19. Qd2 Rf8 20. Rae1 fxg3 (20... Nh5 21. g4 $14) 21. hxg3 Nh5
22. Ne2 Re8 23. Qc3 $14) 16... Ng6 {49'} 17. Rfe1 {48' Ik denk nu dat de
andere toren beter was.} ({Ik keek ook naar} 17. Ne2 {naar ik zag geen gevolg
na} Nh5 ({Ook interessant is misschien} 17... Ng4) 18. Qc3 Ne5 19. Nd4 Bg4 {
leek me heel onduidelijk.}) (17. Rae1) 17... Bg4 {52'} (17... Ng4 $13) 18. Ne4
{1.02'} ({Ik keek ook lang naar} 18. f3 Bf5 {maar ik vertrouwde het niet,
hoewel Fritz wit een plusje geeft.}) 18... Nxe4 {59'} 19. Rxe4 ({Ook
interessant is} 19. Bxe4 Qg5 20. Bc1) 19... Qd7 {1.02'} 20. Rae1 {Over 54'} (
20. Qd2 f3 21. Bf1 ({Fritz beweert} 21. Bh1 $14 {wat ik weiger te geloven.})
21... Bh3 22. Bd3 Bf5 23. Re3 Bxd3 24. Qxd3 Qh3 25. Qf1 Qf5 {is niks voor wit.}
) 20... Ne5 $2 {Over 51'} ({Beter was} 20... Bf5 {met onduidelijke stelling.})
21. gxf4 $2 {45' Het goede idee, maar in een verkeerde uitvoering. Het was
belangrijk om eerst een toren te ruilen. Mijn toren op e1 doet toch niks en de
zwarte torens kunnen zowel verdedigen als aanvallen.} ({Zeer sterk was} 21.
Rxf4 $1 Rxf4 22. gxf4 {Al zwart nu speelt als in de partij komt hij in grote
problemen na} Nf3+ ({Iets beter, maar ook goed voor wit is} 22... Ng6 23. Be4
$16) 23. Bxf3 Bxf3 24. Re6 $5 (24. h3) 24... Bg4 25. Re3 $1 Rf8 26. Rg3 $16 {
met vrijwel winnend voordeel.}) 21... Nf3+ {41'} 22. Bxf3 Bxf3 23. Re6 Raf8 24.
Bc1 $5 {43' Het enige om op winst te spelen.} ({Ik was heel even enthousiast
over} 24. h3 $5 {De bedoeling is om het schaakje op g4 eruit te halen en
Lg4-f5 te verhinderen. verder kan de koning naar h2 en evt. Tg1. Helaas kan
zwart afwikkelen naar een gelijk eindspel.} Rxf4 25. Re7 Qxe7 26. Rxe7 Rxd4 27.
Bxd4 Rf7 28. Re8+ Rf8 29. Rxf8+ Kxf8 30. Bxa7 Be4 $1 $11 {bijv.} 31. Bb8 Bb1
32. Bxc7 Ke7 33. Kf1 Bxa2 34. Ke2 Bxb3 35. Kd3 b5 36. cxb5 Bxd5 $11) 24... Qd8
{28'} 25. Qd3 $6 {40' Ik speel deze fase te snel. Ik wilde een kwaliteit
offeren op e6, maar dat is het verkeerde plan. Veel beter was} (25. Qc3 Bg4 26.
R6e3 Rxf4 27. Rg3 Rf3 28. Re3 {en misschien heeft wit nog iets.} Rxg3+ 29. Rxg3
Qd7 30. Bb2 Rf7 31. Qd4 $14) ({Mijn sympathieke tegenstander vond overigens
dat ik remise had moeten maken met} 25. Qe3 Rxf4 26. Qxf4 Rxf4 27. Re8+ Qxe8
28. Rxe8+) 25... Bg4 {26'} 26. Qg3 $2 {Ik volhard in mijn foutieve plan.} (26.
R6e3 {was alsnog beter.}) 26... Bxe6 {19' Ik was ook nog blij dat hij de
kwaliteit pakte!} 27. dxe6 Re7 28. Bb2 $2 {35' Waanzin! Ik verlies alle
objectiviteit uit het oog.} ({Ik zag dat ik remise kon maken met} 28. f5 Rxf5
29. Bg5 Qe8 30. Bxe7 Qxe7 31. Kh1 {maar dacht nog op winst te kunnen spelen.})
28... Qe8 $1 $17 {18'} 29. Kh1 {28' in arrenmoede. Ik besefte plotseling wat
ik had aangericht.} ({Mijn bedoeling met Lb2 was nu} 29. f5 $2 Rxf5 30. Re4 $19
{En ik dacht dat zwart problemen had. Werkelijk totale kolder, want zwart
heeft meerdere goede zetten.}) 29... Qg6 $19 30. Qc3 $2 {Nog een beroerde in
hopeloze stelling.} Rxf4 31. f3 Qh5 32. Kg2 Rf6 33. h3 Rexe6 34. Rxe6 Qg6+ {
Opgegeven. Zelfs mijn tegenstander vond in de post-mortem het een beetje
"embarressing" dat hij deze partij gewonnen had.} 0-1